000 00283nam a22001337a 4500
003 SGT
082 _a617.643
_bE16D
100 _aDAR, NAHIDA
245 _aEVALUATION OF STABILITY ADAPTABILITY
260 _aSGTU
_c2016
300 _a81
650 _aORAL SURGERY
942 _2ddc
_cTH
999 _c20646
_d20646